|
|
|
|
| LEADER |
00000nam0a2200000 4500 |
| 001 |
251105 |
| 005 |
20231101232627.0 |
| 010 |
|
|
|a 5247006925
|
| 020 |
|
|
|a RU
|b 89-34437
|
| 035 |
|
|
|a (RuTPU)RU\TPU\book\273361
|
| 090 |
|
|
|a 251105
|
| 100 |
|
|
|a 20140219d1989 k a0rusy5003 ca
|
| 101 |
0 |
|
|a rus
|
| 102 |
|
|
|a RU
|
| 105 |
|
|
|a a z 001zy
|
| 200 |
1 |
|
|a Нормирование и экономия энергоресурсов в газовой промышленности
|f Д. Т. Аксенов
|
| 210 |
|
|
|a Москва
|c Недра
|d 1989
|
| 215 |
|
|
|a 224 с.
|c ил.
|
| 320 |
|
|
|a Библиогр.: с. 223 (6 назв.)
|
| 606 |
1 |
|
|a Газовая промышленность, предприятия
|x Нормирование расхода сырья
|2 stltpush
|3 (RuTPU)RU\TPU\subj\4601
|9 32853
|
| 610 |
1 |
|
|a энергоресурсы
|
| 610 |
1 |
|
|a научно-технический прогресс
|
| 610 |
1 |
|
|a планирование
|
| 610 |
1 |
|
|a нормы
|
| 610 |
1 |
|
|a энергопотребление
|
| 610 |
1 |
|
|a технологические операции
|
| 610 |
1 |
|
|a энергоемкость
|
| 610 |
1 |
|
|a экономическая эффективность
|
| 675 |
|
|
|a 622.324.012:658
|z rus
|
| 700 |
|
1 |
|a Аксенов
|b Д. Т.
|g Дмитрий Тимофеевич
|
| 801 |
|
0 |
|a RU
|b RuMRKP
|c 19950417
|g psbo
|
| 801 |
|
1 |
|a RU
|b 63413507
|c 20140219
|
| 801 |
|
2 |
|a RU
|b 63413507
|c 20140314
|g RCR
|
| 942 |
|
|
|c BK
|